| 000 | 02497nam a2200397 a 4500 | ||
|---|---|---|---|
| 001 | Z_2270 | ||
| 003 | CHAP | ||
| 005 | 20250430101942.0 | ||
| 007 | ta | ||
| 008 | 220113s1999 mx ad fr 001 0 spa d | ||
| 010 | _a165326 | ||
| 020 | _a968-24-5773-4 | ||
| 040 |
_aZ _cCHAP _erda |
||
| 041 | 0 |
_bEspañol _fEspañol |
|
| 082 |
_a636.51 _bQ56 1999 _220 |
||
| 100 | 1 |
_aQuintana, José Antonio _993383 _eautor |
|
| 245 | 1 | 0 |
_aAvitecnia : _bmanejo de las aves domésticas más comunes / _cJosé Antonio Quintana |
| 250 | _aTercera edición | ||
| 264 | 1 |
_aMéxico, D. F. : _bTrillas, _c1999 |
|
| 300 |
_a384 páginas : _bilustraciones, gráficas, tablas |
||
| 336 |
_2rdacontent _atexto _btxt |
||
| 337 |
_2rdamedia _asin medio _bn |
||
| 338 |
_2rdacarrier _avolumen _bnc |
||
| 500 | _aej.1: \ ej.2: 204357 \ ej.3: 204358 \ ej.4: S/N | ||
| 504 | _aIncluye bibliografía | ||
| 505 | 0 | _aPrólogo -- Cap. 1. Sistemas de registro -- Cap. 2. Controles de producción -- Cap. 3. El ambiente en las casetas para aves -- Cap.4. Programa de iluminación en las aves -- Cap. 5. Selección de las aves -- Cap. 6. Control de canibalismo en las aves -- Cap. 7. Sistemas de crianza -- Cap. 8. Sistemas de repoblación de granjas avícolas -- Cap. 9. Programas de pelecha forzada -- Cap. 10. Manejo del huevo -- Cap. 11. Reproducción -- Cap. 12. Incubación -- Cap. 13. Sistemas de restricción alimentaria -- Cap. 14. Agua de bebida para las aves -- A. Meleagricultura -- B. Coturnicultura -- C. Anacultura -- D. Ansericultura, fasianicultura, numidicultura, columbicultura, perdicultura y estruticultura -- Índice analítico. | |
| 520 | _aLos productores avícolas con fines comerciales o de autoconsumo, buscan optimizar la producción de carne y de huevo. Para lograrlo es necesario crear y adoptar nuevos métodos en la crianza y producción de aves, así como conocer los avances genéticos y nutricionales que se han obtenido en este campo. el autor describe en esta guía las aventajas y desventajas de los distintos métodos de manejo avícola, alojamiento, control de alimentación , reproducción, etc. a fin de integrar un material de uso práctico tanto para estudiantes de veterinaria, como para los técnicos en producción avícola. | ||
| 650 | 1 | 3 |
_aAves de corral _98636 |
| 650 | 1 | 3 |
_aAvicultura _98703 |
| 650 | 1 | 3 |
_aProducción avícola _9140105 |
| 650 | 1 | 3 |
_aProductos avícolas _992050 |
| 901 | _a636.51 Q56 1999 | ||
| 902 | _aM | ||
| 910 | _a1999 | ||
| 942 |
_cLIBRO _2ddc |
||
| 999 |
_c165326 _d165326 |
||